| 000 | 00757cam a22002534a 4500 | ||
|---|---|---|---|
| 999 |
_c1363 _d1363 |
||
| 001 | 19203 | ||
| 003 | BD-DhUAP | ||
| 005 | 20200206101457.0 | ||
| 008 | 200206s2013 ii l f001 0 eng | ||
| 020 | _a9350289881 | ||
| 040 |
_aDLC _cDLC _bEng _dBD-DhUAP |
||
| 082 |
_223 _a342.540853 DIV |
||
| 100 | _aDivan, Madhavi Goradia. | ||
| 245 | 0 | 0 |
_aFacets of media law / _cMadhavi Goradia Divan ; foreword by Soli J. Sorabjee. |
| 250 | _a2nd ed. | ||
| 260 |
_aLucknow : _bEastern book co., _cc2013. |
||
| 300 |
_axlviii, 638 pages ; _c25 cm. |
||
| 504 | _aIncludes bibliographical references and index. | ||
| 650 | _aPress law. | ||
| 650 | _aFreedom of expression. | ||
| 650 | _aFreedom of information. | ||
| 700 | _aSorabjee, Soli J. | ||
| 942 |
_2ddc _cBK |
||